A textbook of automobile engineering (Record no. 5427)

MARC details
000 -LEADER
fixed length control field 00321nam a2200121Ia 4500
008 - FIXED-LENGTH DATA ELEMENTS--GENERAL INFORMATION
fixed length control field 150201s2012 xx 000 0 und d
082 ## - DEWEY DECIMAL CLASSIFICATION NUMBER
Classification number 629.222
Item number RAJ
100 ## - MAIN ENTRY--PERSONAL NAME
Personal name Rajput,R.K
245 #2 - TITLE STATEMENT
Title A textbook of automobile engineering
260 ## - PUBLICATION, DISTRIBUTION, ETC. (IMPRINT)
Name of publisher, distributor, etc. Laxmi Publications (P) Ltd
Place of publication, distribution, etc. New Delhi
Date of publication, distribution, etc. 2012
300 ## - PHYSICAL DESCRIPTION
Extent 863p.
942 ## - ADDED ENTRY ELEMENTS (KOHA)
Source of classification or shelving scheme Dewey Decimal Classification
Koha item type Books
Holdings
Withdrawn status Lost status Source of classification or shelving scheme Damaged status Not for loan Home library Current library Date acquired SGTU Total Checkouts Full call number Barcode Date last seen Date last checked out Bill Date Koha item type
Withdrawn   Dewey Decimal Classification     SGT Engineering Library SGT Engineering Library 23/08/2012 SGTU 1 629.222 RAJ FE4779 15/09/2017 16/01/2017 09/02/2015 Books
Withdrawn   Dewey Decimal Classification     SGT Engineering Library SGT Engineering Library 23/08/2012 SGTU   629.222 RAJ FE4780 09/02/2015   09/02/2015 Books
Withdrawn   Dewey Decimal Classification     SGT Engineering Library SGT Engineering Library 23/08/2012 SGTU   629.222 RAJ FE4781 09/02/2015   09/02/2015 Books